|
|
|
|
| LEADER |
00796nam a2200253 a 4500 |
| 001 |
adlib96000001 |
| 003 |
ViArRB |
| 005 |
20151026131808.0 |
| 008 |
960221s1955 dcuabcdjdbkoqu001 0deng d |
| 020 |
|
|
|a 90-3483-243-7
|
| 022 |
|
|
|
| 040 |
|
|
|a Adlib
|
| 082 |
|
|
|a 582.846
|
| 245 |
|
|
|a Refuge begonias: taxonomy, phylogeny and historical biogeography of begonia sect. loasibegonia and sect. scutobegonia in relation to glacial rain forest refuges in Africa
|
| 250 |
|
|
|
| 260 |
|
|
|a Wageningen
|b Agricultural University
|c 1994
|
| 300 |
|
|
|a 306p.
|
| 500 |
|
|
|a
|
| 100 |
|
|
|a Sosef, M.S.M.
|
| 700 |
|
|
|
| 942 |
|
|
|c BK
|6 _
|
| 653 |
|
|
|a Begoniaceae
|a Begonias
|
| 999 |
|
|
|c 35287
|d 35287
|
| 952 |
|
|
|0 0
|1 0
|4 0
|6 582846_SOS
|7 0
|9 46990
|a UL
|b UL
|d 2010-06-16
|o 582.846 SOS
|p G0007089
|r 2010-06-16
|w 2010-06-16
|y BK
|